LEADER 03547nam 22006254a 450 001 9910456449003321 005 20200520144314.0 010 $a1-283-37144-8 010 $a9786613371447 010 $a0-470-09142-8 035 $a(CKB)111090529060228 035 $a(EBL)189458 035 $a(OCoLC)55748183 035 $a(SSID)ssj0000149365 035 $a(PQKBManifestationID)11162086 035 $a(PQKBTitleCode)TC0000149365 035 $a(PQKBWorkID)10236938 035 $a(PQKB)10515930 035 $a(MiAaPQ)EBC189458 035 $a(Au-PeEL)EBL189458 035 $a(CaPaEBR)ebr10113987 035 $a(CaONFJC)MIL337144 035 $a(EXLCZ)99111090529060228 100 $a20031215d2004 uy 0 101 0 $aeng 135 $aur|n|---||||| 181 $ctxt 182 $cc 183 $acr 200 04$aThe essential handbook of memory disorders for clinicians$b[electronic resource] /$fedited by Alan D. Baddeley, Michael D. Kopelman, Barbara A. Wilson 210 $aChichester, West Sussex, England ;$aHoboken, NJ, USA $cJ. Wiley$dc2004 215 $a1 online resource (393 p.) 300 $aRev. ed. of: Handbook of memory disorders. 2nd ed. New York : J. Wiley, c2002. 311 $a0-470-09141-X 320 $aIncludes bibliographical references and indexes. 327 $tPsychology of memory /$rAlan D. Baddeley --$tThe amnesic syndrome: overview and subtypes /$rMargaret O'Connor, Mieke Verfaille --$tPosttraumatic amnesia and residual memory deficit after closed head injury /$rHarvey S. Levin, Gerri Hanten --$tPsychogenic amnesia /$rMichael D. Kopelman --$tDevelopmental amnesias and acquired amnesias of childhood /$rChristine M. Temple --$tThe memory deficit in Alzheimer's disease /$rJames T. Becker, Amy A. Overman -- Memory disorders in subcortical dementia /$rJason Brandt, Cynthia A. Munro --$tAssessment of memory disorders /$rBarbara A. Wilson --$tSeparating memory from other cognitive disorders /$rDiane B. Howieson, Murial D. Lezak --$tManagement and remediation of memory problems in brain injured adults /$rBarbara A. Wilson --$tAssessment and management of memory problems in children /$rJudith A. Middleton --$tAssessment and intervention in dementia of Alzheimer type /$rLinda Clare --$tReducing the impact of cognitive impairment in dementia /$rBob Woods --$tExternal memory aids and computers in memory rehabilitation /$rNarinder Kapur, Elizabeth Glisky, Barbara A. Wilson --$tEmotional and social consequences of memory disorders /$rRobyn L. Tate. 330 $aThis concise version of the Handbook of Memory Disorders is a selection of chapters from the original volume that have been chosen with the busy practitioner in mind. The Essential Handbook provides individual clinicians and students with those parts the editors consider most relevant and useful on a day-to-day basis, as a portable adjunct to the more comprehensive Handbook. (Handbook of Memory Disorders - 047 149819X) 606 $aMemory disorders 606 $aMemory 606 $aAmnesia 608 $aElectronic books. 615 0$aMemory disorders. 615 0$aMemory. 615 0$aAmnesia. 676 $a616.8/4 701 $aBaddeley$b Alan D.$f1934-$0125184 701 $aKopelman$b Michael D$0987324 701 $aWilson$b Barbara A.$f1941-$0964224 801 0$bMiAaPQ 801 1$bMiAaPQ 801 2$bMiAaPQ 906 $aBOOK 912 $a9910456449003321 996 $aThe essential handbook of memory disorders for clinicians$92256550 997 $aUNINA LEADER 05051nam 2200865Ia 450 001 9910453088003321 005 20200520144314.0 010 $a1-283-85704-9 010 $a3-11-028314-X 024 7 $a10.1515/9783110283143 035 $a(CKB)2550000000711087 035 $a(EBL)893983 035 $a(OCoLC)822025089 035 $a(SSID)ssj0000785062 035 $a(PQKBManifestationID)12317021 035 $a(PQKBTitleCode)TC0000785062 035 $a(PQKBWorkID)10784373 035 $a(PQKB)11327191 035 $a(SSID)ssj0000811560 035 $a(PQKBManifestationID)12417877 035 $a(PQKBTitleCode)TC0000811560 035 $a(PQKBWorkID)10847806 035 $a(PQKB)21501202 035 $a(MiAaPQ)EBC893983 035 $a(DE-B1597)175990 035 $a(OCoLC)1013963265 035 $a(OCoLC)1036841361 035 $a(OCoLC)853267921 035 $a(DE-B1597)9783110283143 035 $a(Au-PeEL)EBL893983 035 $a(CaPaEBR)ebr10634529 035 $a(CaONFJC)MIL416954 035 $a(OCoLC)822018790 035 $a(EXLCZ)992550000000711087 100 $a20121017d2012 uy 0 101 0 $aeng 135 $aur|n|---||||| 181 $ctxt 182 $cc 183 $acr 200 00$aPanic and mourning$b[electronic resource] $ethe cultural work of trauma /$fedited by Daniela Agostinho, Elisa Antz, Catia Ferreira 210 $aBerlin ;$aBoston $cDe Gruyter$d2012 215 $a1 online resource (296 p.) 225 0 $aCulture & conflict ;$v1 300 $aDescription based upon print version of record. 311 $a3-11-028309-3 311 $a3-11-028315-8 320 $aIncludes bibliographical references. 327 $t Frontmatter -- $tAcknowledgements -- $tContents -- $tIntroduction -- $tI. Literary negotiations -- $tA Culture of Fear: Panic, Mourning, Testimony, and the Question of Representation / $rRibeiro, António Sousa -- $tMourning, Melancholia and Morality: W. G. Sebald's German-Jewish Narratives / $rBanki, Luisa -- $tNostalgias and Mourning: The Nation in the Serbian Journal The Spring (1992-1996) / $rMiljkovi?, Milan -- $tNegotiating Loss and Betrayal: Melancholic Ethics and Narrative Agency in Fae Myenne Ng's Bone and Steer Toward Rock / $rPehkoranta, Anna -- $tMelancholic Violence and the Spectre of Failed Ideals in Gillo Pontecorvo's The Battle of Algiers and Yasmina Khadra's Wolf Dreams / $rBrisley, Lucy -- $tII. Visual resonances -- $tOdysseus, Rowing / $rWeissberg, Liliane -- $t(Un-)Framing Triumph and Trauma: Visibility, Gender and Liberation through the Soviet Gaze / $rAgostinho, Daniela -- $tThe Banality of Trauma: Globalisation, Migrant Labor, and Nostalgia in Fruit Chan's Durian Durian / $rWang, Ban -- $tEvocations of the Unspeakable: Trauma, Silence and Mourning in Contemporary Chinese Art / $rGanito, Tânia -- $t"Animism, Magic and the Omnipotence of Thought": Ritualistic Artefacts and Mourning Mediation in Imperial China / $rColla, Elisabetta -- $tIII. (Re-)mediated affects and performances -- $tAffective Spaces / $rTygstrup, Frederik -- $tCatastrophes in Sight and Sound / $rTorres, Eduardo Cintra -- $tFrom Panic to Mourning: 9/11 and the Need for Spectacle / $rGonçalves, Diana -- $tStage, Performance, Media Event: the National Commemoration of the Second World War in the Netherlands / $rDuindam, David -- $tNo Fun: Mourning the Loss of Tragedy in Contemporary Performance Art / $rSurmann, Frauke -- $tNotes on the Editors -- $tNotes on Contributors 330 $a'Panic' and 'mourning' are two pivotal constructs that often emerge and interplay under circumstances of conflict, violence, crisis, and catastrophe, both natural and man-made. Whereas panic tends to crop up during the experience of violent events, mourning, on the other hand, relates to the aftermath of a brutal disruption and to the way humans try to make sense of it retrospectively. Conversely, violent events can leave a thread of panic in their aftermath, while mourning can be unsettled, interrupted or even refuelled by another catastrophic incident. From an international and inter-discipl 410 0$aCulture & Conflict 606 $aLiterature$xHistory and criticism$xTheory, etc 606 $aPsychic trauma in literature 606 $aCrisis in literature 606 $aMourning customs in literature 606 $aLoss (Psychology) in literature 608 $aElectronic books. 615 0$aLiterature$xHistory and criticism$xTheory, etc. 615 0$aPsychic trauma in literature. 615 0$aCrisis in literature. 615 0$aMourning customs in literature. 615 0$aLoss (Psychology) in literature. 676 $a302.17 676 $a616.85/21 686 $aLB 60000$2rvk 701 $aAgostinho$b Daniela$01039127 701 $aAntz$b Elisa$01039128 701 $aFerreira$b Ca?tia$01039129 801 0$bMiAaPQ 801 1$bMiAaPQ 801 2$bMiAaPQ 906 $aBOOK 912 $a9910453088003321 996 $aPanic and mourning$92461146 997 $aUNINA LEADER 01810nam 2200481zu 450 001 9910376375603321 005 20210807005227.0 010 $a1-4503-2881-4 035 $a(CKB)3780000000084390 035 $a(SSID)ssj0001455746 035 $a(PQKBManifestationID)11838254 035 $a(PQKBTitleCode)TC0001455746 035 $a(PQKBWorkID)11393543 035 $a(PQKB)11645551 035 $a(WaSeSS)IndRDA00037870 035 $a(Association for Computing Machinery)10.1145/2598394 035 $a(EXLCZ)993780000000084390 100 $a20160829d2014 uy 101 0 $aeng 135 $aur||||||||||| 181 $ctxt 182 $cc 183 $acr 200 10$aGECCO '14 : companion publication of the 2014 Genetic and Evolutionary Computation Conference : July 12-16, 2014, Vancouver, BC, Canada 210 31$a[Place of publication not identified]$cACM$d2014 215 $a1 online resource (1492 pages) 225 1 $aACM Conferences 300 $aBibliographic Level Mode of Issuance: Monograph 410 0$aACM Conferences 517 1 $aProceedings of the 2014 Conference companion on Genetic and Evolutionary Computation companion 517 1 $aGECCO '14 517 1 $aGenetic and Evolutionary Computation Conference, Vancouver, BC, Canada - July 12-16, 2014 606 $aEngineering & Applied Sciences$2HILCC 606 $aComputer Science$2HILCC 615 7$aEngineering & Applied Sciences 615 7$aComputer Science 700 $aIgel$b Christian$0946526 712 02$aAssociation for Computing Machinery SIGEVO, 801 0$bPQKB 906 $aBOOK 912 $a9910376375603321 996 $aGECCO '14 : companion publication of the 2014 Genetic and Evolutionary Computation Conference : July 12-16, 2014, Vancouver, BC, Canada$92272145 997 $aUNINA